000 00817nam a2200265 a 4500
001 000013984
005 20200929163428.0
008 091202s2002 dr a 000 0 spa d
020 _a8474321409
040 _aDO-SdBNP
_bspa
_cBNPHU
082 _axxx
_bN248l
100 1 _aNash, Bruce M.
_931648
245 1 3 _aEl libro de los test :
_bconózcase a usted mismo /
_cBruce M. Nash, Randolph B. Monchick; traducción Homero Alsina.
250 _a2a reimpresión
260 _aBarcelona :
_bGedisa,
_c2002.
300 _a223 p. ;
_c23 cm.
490 1 _aLibertad y cambio
490 1 _aPráctica
500 _aLa biblioteca posee el v. 1
700 1 _aMonchick, Randolph B.
_931649
700 1 _aAlsina, Homero
_btrad.
_931650
830 1 _aLibertad y cambio
_931651
830 1 0 _aPráctica
_92836
049 _aBNPD
999 _c13588
_d13588